[Event "Cartagena Iderbol Cup"]
[Site "Cartagena"]
[Date "2011.12.27"]
[Round "3.12"]
[White "Gomez Guardo, Laura Melissa"]
[Black "Porras Ferreira, William"]
[Result "1-0"]
[WhiteElo "1852"]
[BlackElo "1600"]
[PlyCount "145"]
[EventDate "2011.12.26"]
[EventType "swiss"]
[EventRounds "7"]
[EventCountry "COL"]
[SourceTitle "EXT 2024"]
[Source "ChessBase"]
[SourceDate "2023.10.10"]
[SourceVersion "1"]
[SourceVersionDate "2023.10.10"]
[SourceQuality "1"]

1. d4 d5 2. c4 e6 3. Nf3 Nf6 4. Bg5 Be7 5. Nc3 Nc6 6. e3 h6 7. Bf4 0-0 8. cxd5 exd5 9. Bd3 Bg4 10. 0-0 Bb4 11. h3 Be6 12. Qb3 Bxc3 13. Qxc3 Ne4 14. Bxe4 dxe4 15. Ne5 Nxe5 16. Bxe5 c6 17. a3 Qg5 18. Bf4 Qg6 19. Bg3 f5 20. Kh1 Bd5 21. Qb4 b5 22. Qd6 Qxd6 23. Bxd6 Rf6 24. Be5 Rg6 25. g3 h5 26. h4 a5 27. b4 a4 28. Kg2 Kf7 29. Rac1 Rc8 30. Rc5 Ke6 31. Rfc1 Re8 32. Bf4 Kd7 33. Be5 Ree6 34. R1c2 Rg4 35. Kh3 Bc4 36. Rc1 Be2 37. Bf4 g6 38. Re5 Bc4 39. Kg2 Bd5 40. Rc5 Rxe5 41. Bxe5 g5 42. Bf6 gxh4 43. Bxh4 f4 44. exf4 e3+ 45. Kf1 exf2 46. Kxf2 Ke6 47. Rc3 Kf5 48. Re3 Be4 49. Rc3 Bd5 50. Re3 Be4 51. Bg5 Bd5 52. Re5+ Kg6 53. Bh4 Bc4 54. Ke3 Bd5 55. f5+ Kf7 56. f6 Kg6 57. Re7 Rxh4 58. gxh4 Kxf6 59. Re5 Kg6 60. Kf4 Bf7 61. Rg5+ Kf6 62. Rf5+ Kg6 63. Rxf7 Kxf7 64. Kg5 Ke6 65. Kxh5 Kd5 66. Kg6 Kxd4 67. h5 c5 68. bxc5 Kxc5 69. h6 b4 70. axb4+ Kxb4 71. h7 a3 72. h8Q Kb3 73. Qa1 1-0